01018nam a2200193 a 450000100100000000500170001000800410002704000250006810000330009324500940012626000420022030000210026204900090028395201200029295201200041295201110053295201640064399900170080700002691320200930030503.0110328s1952 dr 000 0 spa d aDO-SdBNPbspacBNPHU1 aAcosta Corcino, J. F.94432513aLa Ética individual. :bprincipios para la vida y la grandeza. /cJ. F. Acosta Corcino. aSanto Domingo, :bArte y Cine,c1952. a120 p. ;c23 cm. aBNPD 001054708DSaGRbGRcCTd2011-04-19iLF1l0o p26913-30r2020-06-25te. 3w2020-06-25yLFDSZPréstamo en sala 001054708DSaGRbGRcCTd2011-09-13iLF1l0o p26913-40r2020-06-25te. 4w2020-06-25yLFDSZPréstamo en sala 0010718PDaPDbPDcCTd2011-04-19iLF1l0o p26913-20r2020-06-25te. 2w2020-06-25yLFPDZNo se presta 001050718RVaPDbPDcHDd2011-03-28iLF1l0o p26913-10r2020-06-25w2020-06-25y1zPerteneció a la biblioteca personal de Martínez Boog.ZNo se presta c26405d26405